|
|
|
|
| LEADER |
00000n m0a2200000 4500 |
| 001 |
312145 |
| 005 |
20231102002445.0 |
| 020 |
|
|
|a RU
|b 82-31871
|
| 035 |
|
|
|a (RuTPU)RU\TPU\book\337512
|
| 090 |
|
|
|a 312145
|
| 100 |
|
|
|a 20151217d1982 k y0rusy5003 ca
|
| 101 |
0 |
|
|a rus
|
| 102 |
|
|
|a RU
|
| 105 |
|
|
|a a z 001zy
|
| 200 |
1 |
|
|a Технология станковой живописи : история и исследования
|f Ю. И. Гренберг
|
| 210 |
|
|
|a Москва
|c Изобразительное искусство
|d 1982
|
| 215 |
|
|
|a 319 с.
|c ил.
|
| 606 |
|
|
|a Живопись
|x Техника
|2 stltpush
|3 (RuTPU)RU\TPU\subj\10836
|9 37853
|
| 610 |
1 |
|
|a станковая живопись
|
| 610 |
1 |
|
|a технология
|
| 610 |
1 |
|
|a история
|
| 610 |
1 |
|
|a исследование
|
| 675 |
|
|
|a 75.02
|v 3
|
| 700 |
|
1 |
|a Гренберг
|b Ю. И.
|g Юрий Израилевич
|
| 801 |
|
0 |
|a RU
|b RuMRKP
|c 19950704
|g psbo
|
| 801 |
|
1 |
|a RU
|b 63413507
|c 20151217
|
| 801 |
|
2 |
|a RU
|b 63413507
|c 20171123
|g RCR
|
| 942 |
|
|
|c BK
|